Normal view
MARC view
Entry Personal Name
001 - CONTROL NUMBER
- control field: 16967
003 - CONTROL NUMBER IDENTIFIER
- control field: dpl
005 - DATE AND TIME OF LATEST TRANSACTION
- control field: 20100826104704.0
008 - FIXED-LENGTH DATA ELEMENTS
- fixed length control field: 100826|||a|||||| | ||| d
040 ## - CATALOGING SOURCE
- Original cataloging agency: dpl
- Transcribing agency: dpl
100 ## - HEADING--PERSONAL NAME
- Personal name: Gomes, Olivinho J. F.
670 ## - SOURCE DATA FOUND
- Source citation: Work cat.: (dpl)42872: Gomes, Olivinho J. F., Francisco Luis Gomes /, 2010
670 ## - SOURCE DATA FOUND
- Source citation: Work cat.: (dpl)42872: Gomes, Olivinho J. F., Francisco Luis Gomes /, 2010
